| 000 | 00722nam a22002175i 4500 | ||
|---|---|---|---|
| 001 | 153334 | ||
| 003 | ES-MaACL | ||
| 005 | 20230906205158.0 | ||
| 008 | 040729s1862 gw |||| | eng d | ||
| 040 |
_aCAM _bspa _cCAM |
||
| 080 | _a821.111-31"18" | ||
| 100 | 1 |
_aCraik, Dinah Maria Mulock ( _d1826-1887) _9126631 |
|
| 245 | 1 | 0 |
_aMistress and Maid / _cby the author of "John Halifax, Gentleman". |
| 260 |
_aLeipzig : _bBernhard Tauchnitz, _c1862. |
||
| 300 |
_aVI, 326 p. ; _c16 cm. |
||
| 490 | 1 |
_aCollection of british authors ; _v634 |
|
| 594 | _aEncabezamiento tomado de la BNF. | ||
| 830 | 0 |
_aCollection of british authors ; _v634 _9180703 |
|
| 852 |
_aES-MaACL _jG-13099 _z-- Enc. hol. |
||
| 999 |
_c153334 _d153334 |
||